000
00327nam a22001457a 4500
003
SGT
020
_a
9789389046267
082
_a
342.0954
_b
E19S
100
_a
SHARMA, VIVEK NARAYAN
245
_a
ELECTIONOMICS
260
_a
INDIA
_b
THOMSON RETERS
_c
2019
300
_a
303
650
_a
INDIAN CONSTITUTION
942
_2
ddc
_c
BK
999
_c
26211
_d
26211